Normal view
MARC view
- Pavements
Entry Topical Term
001 - CONTROL NUMBER
- control field: 22394
003 - CONTROL NUMBER IDENTIFIER
- control field: NUST
005 - DATE AND TIME OF LATEST TRANSACTION
- control field: 20191002124506.0
008 - FIXED-LENGTH DATA ELEMENTS
- fixed length control field: 191002|| aca||aabn | a|a d
040 ## - CATALOGING SOURCE
- Original cataloging agency: NUST
- Transcribing agency: NUST
150 ## - HEADING--TOPICAL TERM
- Topical term or geographic name entry element: Pavements
- General subdivision: Performance.
670 ## - SOURCE DATA FOUND
- Source citation: Work cat.: (NUST)0: Huber, Gerald A. 22390, Performance survey on open-graded friction course mixes /, 2000.
